| 000 | 00663nam a2200217Ia 4500 | ||
|---|---|---|---|
| 003 | OSt | ||
| 005 | 20240806135417.0 | ||
| 008 | 210716s2000 xx 000 0 und d | ||
| 040 | _cAIMIT LIBRARY | ||
| 041 | _aeng | ||
| 082 |
_a005.13311 _21 _bKUMR |
||
| 100 |
_aKumar B N, Ravi. _9175386 |
||
| 245 |
_aObject oriented programming through c++ / _cBy Ravi Kumar B N. |
||
| 250 | _a1st ed. | ||
| 260 |
_aDharwad : _bBharat Prakashan , _c2000. |
||
| 300 |
_a355p. ; _bPB _c24 cm. |
||
| 650 |
_aDecision making and looping _9175387 |
||
| 650 |
_aConstructor and destructor _9175388 |
||
| 650 |
_aFile handling _9175389 |
||
| 942 |
_2ddc _cBK _e1st ed. _k005.13311 KUMR |
||
| 999 |
_c184446 _d184446 |
||